00619cam a22002051 450000100060000000300080000600500170001400800410003103500190007203500180009104000360010904100080014508200270015310000180018024500750019826000410027330000350031450400390034965000250038812270BD-RjUL20211208235250.0140128s1964 paua b 001 0 eng d a(BD-RjUL)12319 a(OCoLC)555385 aDLCcODaWUdOCoLCdBD-RjULbeng aeng a581.192216bDAP 19641 aDavies, D. D.10aPlant biochemistry/c[by] D.D. Davies, J. Giovanelli [and] T. Ap Rees. aPhiladelphia :bF.A. Davis ,c1964 axi, 454 p. :billus. ;c23 cm. aIncludes bibliographies and index. 0aBotanical chemistry.